|
|
|
|
| LEADER |
01672nam a2200457 a 4500 |
| 001 |
nkc20142635766 |
| 003 |
CZ PrNK |
| 005 |
20251215103916.0 |
| 007 |
ta |
| 008 |
141111s2014 xr ab e 100 0 cze |
| 015 |
|
|
|a cnb002635766
|
| 020 |
|
|
|a 978-80-02-02537-5
|q (brož.)
|
| 035 |
|
|
|a (OCoLC)904579014
|
| 040 |
|
|
|a ABA001
|b cze
|
| 041 |
0 |
|
|a cze
|b cze
|b eng
|
| 043 |
|
|
|a e-xr---
|
| 072 |
|
7 |
|a 630
|x Lesnictví
|2 Konspekt
|9 24
|
| 080 |
|
|
|a 582.475.6
|2 MRF
|
| 080 |
|
|
|a 630.2
|2 MRF
|
| 080 |
|
|
|a (437.3)
|2 MRF
|
| 080 |
|
|
|a (062.534)
|2 MRF
|
| 111 |
2 |
|
|a Douglaska - dřevina roku 2014 (konference)
|d (2014 :
|c Křtiny, Česko)
|7 kn20141118013
|
| 245 |
1 |
0 |
|a Douglaska :
|b dřevina roku 2014 : sborník z konference : [Zámek Křtiny, 2.-3.9.2014]
|
| 250 |
|
|
|a 1. vyd.
|
| 260 |
|
|
|a [Praha] :
|b Česká lesnická společnost,
|c c2014
|
| 300 |
|
|
|a 173 s. :
|b il. (převážně barev.), mapy ;
|c 30 cm
|
| 500 |
|
|
|a Nad názvem: Česká lesnická společnost ... [et al.]
|
| 504 |
|
|
|a Obsahuje bibliografie a bibliografické odkazy
|
| 546 |
|
|
|a Česká a anglické resumé
|
| 650 |
0 |
7 |
|a douglaska tisolistá
|7 ph274749
|z Česko
|2 czenas
|
| 650 |
0 |
7 |
|a pěstování lesa
|7 ph124859
|z Česko
|2 czenas
|
| 650 |
0 |
9 |
|a Douglas fir
|z Czechia
|2 eczenas
|
| 650 |
0 |
9 |
|a forest cultivation
|z Czechia
|2 eczenas
|
| 655 |
|
7 |
|a sborníky konferencí
|7 fd133333
|2 czenas
|
| 655 |
|
9 |
|a proceedings of conferences
|2 eczenas
|
| 710 |
2 |
|
|a Česká lesnická společnost
|7 kn20020911008
|
| 910 |
2 |
|
|a BOA001
|b 4-1338.772
|
| 990 |
|
|
|a BK
|
| 995 |
|
|
|a 01
|
| 991 |
|
|
|b 201502
|c NOV
|e n
|
| 996 |
6 |
|
|b 2610619148
|c 4-1338.772
|l MZK
|r Sklad / do 1 hodiny
|n 0
|p p.v.
|w 001484739
|u 000010
|a 1
|e BOA001
|j MZK50
|s P
|